| 000 | 00440nam a2200181Ia 4500 | ||
|---|---|---|---|
| 001 | 21408 | ||
| 005 | 20260306172917.0 | ||
| 008 | 260306t2021||||xx |||||||||||||| ||spa|| | ||
| 041 | _aESP | ||
| 082 |
_a344.83 _bP84D |
||
| 100 |
_aPrado Saldarriaga, Victor Roberto _eAUT |
||
| 245 | 0 | _aLos delitos del crimen organizado | |
| 260 | _c2021 | ||
| 300 |
_a622 páginas : _c |
||
| 650 | _aGEN | ||
| 654 | _aCDE | ||
| 942 |
_cLIB _dJUS _fJUS _2ddc _n |
||
| 999 |
_c21408 _d21408 |
||